[Event "44th Chess Olympiad Open 2022"]
[Site "Chennai"]
[Date "2022.08.01"]
[Round "4.36"]
[White "Meier, Georg"]
[Black "Abdulwahhab, Ahmed Abdulsattar A"]
[Result "1-0"]
[WhiteElo "2613"]
[BlackElo "2251"]
[Annotator "TA"]
[PlyCount "53"]
[EventDate "2022.07.29"]
[EventType "team-tourn"]
[EventCountry "IND"]
[SourceTitle "playchess.com"]
[Source "ChessBase"]
[SourceQuality "1"]
[WhiteTeam "Uruguay"]
[BlackTeam "Iraq"]
[WhiteTeamCountry "URU"]
[BlackTeamCountry "IRQ"]

1. Nf3 Nf6 2. g3 g6 3. Bg2 Bg7 4. O-O O-O 5. d4 d6 6. b3 c5 7. Bb2 Nc6 8. d5
Nb4 9. c4 Rb8 10. a3 Na6 11. Nbd2 Bd7 12. e4 b5 13. Bc3 bxc4 14. bxc4 Ne8 15.
e5 dxe5 16. Nxe5 Nd6 17. Re1 Re8 18. Qf3 Ba4 19. h4 Qc8 20. Rac1 Nc7 21. Ne4
Bxe5 22. Bxe5 Rb3 23. Qf4 Nxe4 24. Rxe4 Na8 25. Rce1 Nb6 26. Qh6 f6 27. Bxf6
1-0

[Event "44th Chess Olympiad Open 2022"]
[Site "Chennai"]
[Date "2022.08.01"]
[Round "4.36"]
[White "Diaz Hollemaert, Nahuel"]
[Black "Ahmed, Ali Layth Ahmed"]
[Result "1/2-1/2"]
[WhiteElo "2425"]
[BlackElo "2249"]
[Annotator "TA"]
[PlyCount "137"]
[EventDate "2022.07.29"]
[EventType "team-tourn"]
[EventCountry "IND"]
[SourceTitle "playchess.com"]
[Source "ChessBase"]
[SourceQuality "1"]
[WhiteTeam "Uruguay"]
[BlackTeam "Iraq"]
[WhiteTeamCountry "URU"]
[BlackTeamCountry "IRQ"]

1. Nf3 Nf6 2. c4 e6 3. Nc3 Bb4 4. Qb3 c5 5. g3 Nc6 6. a3 Ba5 7. Bg2 O-O 8. O-O
d5 9. d3 d4 10. Na4 Qd6 11. e3 Rb8 12. exd4 cxd4 13. Qc2 Bc7 14. b4 Qd8 15. Re1
Re8 16. Bd2 Ne7 17. Nc5 Ng6 18. Bg5 h6 19. Bxf6 Qxf6 20. Qb2 Rd8 21. Ne4 Qf5
22. c5 e5 23. b5 Qe6 24. Qb4 Ne7 25. Nd6 Nd5 26. Qc4 Bxd6 27. Nxd4 Qf6 28. Bxd5
exd4 29. cxd6 Bf5 30. Re7 Qxd6 31. Rxf7 Qxd5 32. Rxf5 Qxc4 33. dxc4 Rbc8 34. c5
d3 35. Rd1 Rd4 36. Rd2 Rcd8 37. Rf3 R8d5 38. c6 Rxb5 39. cxb7 Rxb7 40. Rdxd3
Ra4 41. Kg2 Rc4 42. Rd5 Ra4 43. h3 Kh7 44. h4 Rc7 45. h5 Rac4 46. Kh3 R7c5 47.
Rxc5 Rxc5 48. g4 Kg8 49. Kh4 Rc4 50. Kg3 Ra4 51. Re3 Kf7 52. f3 Kf6 53. Kf2 Ra6
54. Rc3 Ra4 55. Ke2 Ra6 56. Kd3 Ke5 57. Ke3 Ra4 58. Rb3 Kf6 59. f4 Ra5 60. Rc3
Ra4 61. Kf3 Ra5 62. Kg3 Ra4 63. Rc6+ Kf7 64. Rc7+ Kf8 65. Rc3 Kf7 66. Kh4 Ke7
67. Rf3 Kf6 68. Kg3 Ra5 69. Re3 1/2-1/2

[Event "44th Chess Olympiad Open 2022"]
[Site "Chennai"]
[Date "2022.08.01"]
[Round "4.36"]
[White "Salih, Akar Ali Salih"]
[Black "Hoffman, Alejandro"]
[Result "1/2-1/2"]
[WhiteElo "2243"]
[BlackElo "2390"]
[Annotator "TA"]
[PlyCount "63"]
[EventDate "2022.07.29"]
[EventType "team-tourn"]
[EventCountry "IND"]
[SourceTitle "playchess.com"]
[Source "ChessBase"]
[SourceQuality "1"]
[WhiteTeam "Iraq"]
[BlackTeam "Uruguay"]
[WhiteTeamCountry "IRQ"]
[BlackTeamCountry "URU"]

1. e4 e5 2. Nf3 d6 3. d4 exd4 4. Nxd4 Nf6 5. Nc3 Be7 6. Bf4 O-O 7. Qd2 Nc6 8.
O-O-O Nxd4 9. Qxd4 Be6 10. Qd2 a6 11. f3 b5 12. g4 Nd7 13. Kb1 Nb6 14. h4 c5
15. g5 Ra7 16. h5 b4 17. Nd5 Nxd5 18. exd5 Bf5 19. Bd3 Bxd3 20. cxd3 Qa8 21. d4
Qxd5 22. dxc5 Qf5+ 23. Ka1 dxc5 24. Rhe1 f6 25. g6 hxg6 26. hxg6 Qxg6 27. Qd5+
Qf7 28. Qc6 f5 29. Be5 Bf6 30. Bxf6 Qxf6 31. Qxc5 Qf7 32. Qxb4 1/2-1/2

[Event "44th Chess Olympiad Open 2022"]
[Site "Chennai"]
[Date "2022.08.01"]
[Round "4.36"]
[White "Mohammed, Zozek Salah Mohammed"]
[Black "Roselli Mailhe, Bernardo"]
[Result "1/2-1/2"]
[WhiteElo "2232"]
[BlackElo "2413"]
[Annotator "TA"]
[PlyCount "100"]
[EventDate "2022.07.29"]
[EventType "team-tourn"]
[EventCountry "IND"]
[SourceTitle "playchess.com"]
[Source "ChessBase"]
[SourceQuality "1"]
[WhiteTeam "Iraq"]
[BlackTeam "Uruguay"]
[WhiteTeamCountry "IRQ"]
[BlackTeamCountry "URU"]

1. d4 Nf6 2. c4 g6 3. Nf3 Bg7 4. Nc3 O-O 5. g3 d6 6. Bg2 Nbd7 7. O-O e5 8. e4
c6 9. h3 a5 10. Be3 a4 11. dxe5 dxe5 12. b4 axb3 13. axb3 Rxa1 14. Qxa1 Qe7 15.
Qa5 Re8 16. Rd1 Bf8 17. Ne1 Nc5 18. Qa2 Be6 19. Nd3 Nfd7 20. Nxc5 Nxc5 21. Na4
Nd7 22. Nb6 Nxb6 23. Bxb6 Qb4 24. Be3 Bc5 25. Bxc5 Qxc5 26. Qa4 Qb6 27. Bf1 Rc8
28. Rd6 Qc5 29. Rd1 h5 30. b4 Qe7 31. c5 h4 32. g4 Rd8 33. Rxd8+ Qxd8 34. Qa1
Qd2 35. Qxe5 Qxb4 36. Kg2 Qe1 37. Qd4 Qc1 38. Qd8+ Kg7 39. Qd4+ Kg8 40. Qd8+
Kg7 41. Qd4+ Kh7 42. Be2 Qf4 43. Bf3 Qc1 44. Be2 Ba2 45. Bf3 Bc4 46. Bd1 Be6
47. Be2 Qb1 48. Bf3 Qc1 49. Be2 Ba2 50. Bf3 Be6 1/2-1/2

[Event "44th Chess Olympiad Open 2022"]
[Site "Chennai"]
[Date "2022.08.01"]
[Round "4.37"]
[White "Docx, Stefan"]
[Black "Karimov, Alisher"]
[Result "1-0"]
[WhiteElo "2434"]
[BlackElo "2234"]
[Annotator "TA"]
[PlyCount "117"]
[EventDate "2022.07.29"]
[EventType "team-tourn"]
[EventCountry "IND"]
[SourceTitle "playchess.com"]
[Source "ChessBase"]
[SourceQuality "1"]
[WhiteTeam "Belgium"]
[BlackTeam "Tajikistan"]
[WhiteTeamCountry "BEL"]
[BlackTeamCountry "TJK"]

1. d4 Nf6 2. c4 e6 3. Nc3 Bb4 4. Qc2 d5 5. cxd5 Qxd5 6. Nf3 Nc6 7. e3 O-O 8.
Be2 Qf5 9. Qxf5 exf5 10. Bd2 Be6 11. O-O Rad8 12. g3 Na5 13. Nb1 Nc6 14. Rc1
Be7 15. Be1 Nd5 16. Nbd2 Nb8 17. Nb3 b6 18. Ne5 Rc8 19. Bb5 Bd6 20. Nc6 Nxc6
21. Bxc6 Ne7 22. Bb7 Rb8 23. Bg2 Bd5 24. f3 f6 25. e4 Bb7 26. a3 a5 27. Nd2 Nc6
28. Bf2 Rfd8 29. Nc4 fxe4 30. fxe4 b5 31. Nxd6 cxd6 32. a4 Ba8 33. e5 Nb4 34.
Bxa8 Rxa8 35. axb5 fxe5 36. dxe5 Nd3 37. Rc7 dxe5 38. b6 Nxf2 39. b7 Nh3+ 40.
Kg2 Ng5 41. Rd1 Re8 42. bxa8=Q Rxa8 43. Rdc1 Ne6 44. Re7 Nd4 45. Rcc7 Nf5 46.
Rxe5 g6 47. Rec5 Nd6 48. R7c6 Nf5 49. Rc8+ Rxc8 50. Rxc8+ Kg7 51. Rc7+ Kh6 52.
Kf3 Nd6 53. Rc5 a4 54. g4 Kg7 55. Kf4 h6 56. Ke5 Nf7+ 57. Kd4 Ng5 58. Rxg5 hxg5
59. Kc4 1-0

[Event "44th Chess Olympiad Open 2022"]
[Site "Chennai"]
[Date "2022.08.01"]
[Round "4.37"]
[White "Khusenkhojaev, Muhammad"]
[Black "Dardha, Daniel"]
[Result "0-1"]
[WhiteElo "2397"]
[BlackElo "2575"]
[Annotator "TA"]
[PlyCount "66"]
[EventDate "2022.07.29"]
[EventType "team-tourn"]
[EventCountry "IND"]
[SourceTitle "playchess.com"]
[Source "ChessBase"]
[SourceQuality "1"]
[WhiteTeam "Tajikistan"]
[BlackTeam "Belgium"]
[WhiteTeamCountry "TJK"]
[BlackTeamCountry "BEL"]

1. d4 d5 2. c4 e6 3. cxd5 exd5 4. Nc3 c6 5. Nf3 Bd6 6. Bg5 Ne7 7. e3 O-O 8. Bd3
Bg4 9. Qc2 h6 10. Bh4 Qd7 11. Bg3 Bf5 12. Bxd6 Bxd3 13. Qxd3 Qxd6 14. O-O Nd7
15. Rab1 a6 16. h3 Rae8 17. b4 b5 18. a4 Nc8 19. a5 Qe7 20. Ne2 Nd6 21. Qc3 Nc4
22. Nf4 Nf6 23. Nd2 g5 24. Nd3 g4 25. hxg4 Nxg4 26. Nf3 Kh8 27. Nc5 Rg8 28. Qd3
Rg7 29. Qf5 Reg8 30. Kh1 Nd2 31. Rbd1 Nxf3 32. Qxf3 Qh4+ 33. Qh3 Nxf2+ 0-1

[Event "44th Chess Olympiad Open 2022"]
[Site "Chennai"]
[Date "2022.08.01"]
[Round "4.37"]
[White "Lenaerts, Lennert"]
[Black "Ilkhomi, Jaloliddin"]
[Result "0-1"]
[WhiteElo "2379"]
[BlackElo "2076"]
[Annotator "TA"]
[PlyCount "72"]
[EventDate "2022.07.29"]
[EventType "team-tourn"]
[EventCountry "IND"]
[SourceTitle "playchess.com"]
[Source "ChessBase"]
[SourceQuality "1"]
[WhiteTeam "Belgium"]
[BlackTeam "Tajikistan"]
[WhiteTeamCountry "BEL"]
[BlackTeamCountry "TJK"]

1. e4 e6 2. d4 d5 3. Nc3 Bb4 4. e5 c5 5. a3 Bxc3+ 6. bxc3 Qa5 7. Bd2 Qa4 8. Qb1
c4 9. Be2 Ne7 10. h4 Nbc6 11. Bh5 Bd7 12. Ne2 h6 13. Nf4 g6 14. Be2 O-O-O 15.
h5 g5 16. Nh3 Rdf8 17. f4 gxf4 18. Nxf4 Nf5 19. Rh3 Qa5 20. a4 Qc7 21. Qc1 Rhg8
22. g4 Nfxd4 23. cxd4 Nxd4 24. Bc3 Qxe5 25. Qd2 Nxc2+ 26. Qxc2 Qxf4 27. Qb2 e5
28. Bxe5 Qe4 29. Kd2 Qg2 30. Qb4 f6 31. Qc5+ Bc6 32. Rg3 Qh2 33. Re3 fxe5 34.
a5 a6 35. Rb1 Qf4 36. Rxb7 Qd4+ 0-1

[Event "44th Chess Olympiad Open 2022"]
[Site "Chennai"]
[Date "2022.08.01"]
[Round "4.37"]
[White "Sharifov, Mekhriddin"]
[Black "Maerevoet, Sim"]
[Result "1/2-1/2"]
[WhiteElo "2097"]
[BlackElo "2409"]
[Annotator "TA"]
[PlyCount "82"]
[EventDate "2022.07.29"]
[EventType "team-tourn"]
[EventCountry "IND"]
[SourceTitle "playchess.com"]
[Source "ChessBase"]
[SourceQuality "1"]
[WhiteTeam "Tajikistan"]
[BlackTeam "Belgium"]
[WhiteTeamCountry "TJK"]
[BlackTeamCountry "BEL"]

1. e4 c5 2. Nf3 e6 3. d4 cxd4 4. Nxd4 Nf6 5. Nc3 Nc6 6. Ndb5 d6 7. Bf4 e5 8.
Bg5 a6 9. Na3 b5 10. Nd5 Be7 11. Bxf6 Bxf6 12. c4 Nd4 13. Bd3 Be6 14. O-O Bxd5
15. cxd5 O-O 16. Nc2 Qb6 17. Nxd4 Qxd4 18. Qe2 Bg5 19. g3 g6 20. Rad1 Qb6 21.
h4 Bh6 22. Kg2 Kg7 23. Qg4 Qa5 24. a3 b4 25. h5 bxa3 26. hxg6 hxg6 27. Ra1 a2
28. Bc4 Qb4 29. b3 a5 30. Rxa2 a4 31. Rfa1 a3 32. Qe2 f5 33. exf5 gxf5 34. Ba6
Qxb3 35. Qb5 Qxb5 36. Bxb5 Ra5 37. Bc6 Kf6 38. Rxa3 Rxa3 39. Rxa3 Bd2 40. Ra8
Rxa8 41. Bxa8 e4 1/2-1/2

[Event "44th Chess Olympiad Open 2022"]
[Site "Chennai"]
[Date "2022.08.01"]
[Round "4.38"]
[White "Cardoso Cardoso, Jose Gabriel"]
[Black "Lee, Jun Hyeok"]
[Result "1-0"]
[WhiteElo "2493"]
[BlackElo "2390"]
[Annotator "TA"]
[PlyCount "83"]
[EventDate "2022.07.29"]
[EventType "team-tourn"]
[EventCountry "IND"]
[SourceTitle "playchess.com"]
[Source "ChessBase"]
[SourceQuality "1"]
[WhiteTeam "Colombia"]
[BlackTeam "Korea"]
[WhiteTeamCountry "COL"]
[BlackTeamCountry "KOR"]

1. e4 c5 2. Nf3 d6 3. d4 cxd4 4. Nxd4 Nf6 5. Nc3 a6 6. Bg5 Nc6 7. Qd2 Nxd4 8.
Qxd4 Qa5 9. f4 e5 10. Qd2 Be7 11. O-O-O Be6 12. a3 exf4 13. Bxf4 Rd8 14. Bd3 d5
15. Qe1 dxe4 16. Nxe4 Qa4 17. Be5 O-O 18. Qg3 Ng4 19. Bc7 Rd7 20. h3 Ne3 21.
Be5 Nf5 22. Qg4 Qc6 23. Nf6+ Bxf6 24. Bxf6 g6 25. Qf4 Rc8 26. Bc3 Qxg2 27. Qe5
Rxc3 28. Qxc3 Ne3 29. Rde1 Nd5 30. Qe5 Rc7 31. h4 Qf2 32. Kb1 Qf4 33. Rhf1 Qxh4
34. Be4 Rc5 35. Qb8+ Rc8 36. Qxb7 Qd8 37. Rd1 Rc5 38. c4 Nc3+ 39. bxc3 Qh4 40.
Bd5 Bxd5 41. Rxd5 Qe4+ 42. Ka1 1-0

[Event "44th Chess Olympiad Open 2022"]
[Site "Chennai"]
[Date "2022.08.01"]
[Round "4.38"]
[White "Sanchez, Sebastian Felipe"]
[Black "Ahn, Hongjin"]
[Result "1-0"]
[WhiteElo "2440"]
[BlackElo "2303"]
[Annotator "TA"]
[PlyCount "119"]
[EventDate "2022.07.29"]
[EventType "team-tourn"]
[EventCountry "IND"]
[SourceTitle "playchess.com"]
[Source "ChessBase"]
[SourceQuality "1"]
[WhiteTeam "Colombia"]
[BlackTeam "Korea"]
[WhiteTeamCountry "COL"]
[BlackTeamCountry "KOR"]

1. d4 d5 2. c4 e6 3. Nf3 Nf6 4. g3 Be7 5. Bg2 O-O 6. O-O dxc4 7. Qc2 b5 8. a4
b4 9. Nfd2 Nd5 10. Nxc4 c5 11. Ne3 cxd4 12. Nxd5 exd5 13. Nd2 Ba6 14. Nb3 d3
15. exd3 Nd7 16. Bf4 Rc8 17. Qd2 Nc5 18. Nxc5 Bxc5 19. Rfe1 Be7 20. Be5 Qd7 21.
Bd4 Rfd8 22. Re5 Qb7 23. Bh3 Bf6 24. Bxc8 Qxc8 25. Rc1 Qg4 26. Qe3 Bxe5 27.
Qxe5 h6 28. f3 Qg5 29. Qxg5 hxg5 30. Rd1 Rd7 31. Kf2 Rc7 32. Ke3 f6 33. b3 Kf7
34. Kd2 Ke6 35. Rh1 Kd6 36. h4 gxh4 37. Rxh4 Bc8 38. Be3 Rb7 39. Rh8 Be6 40.
Bd4 Kc6 41. Ra8 Rc7 42. Rxa7 Rxa7 43. Bxa7 Bf7 44. d4 Bh5 45. g4 Bg6 46. Bc5
Bb1 47. Bxb4 f5 48. Bc5 fxg4 49. fxg4 Kb7 50. b4 Ka6 51. Bf8 g6 52. Be7 Be4 53.
b5+ Kb7 54. Kc3 g5 55. Kb4 Bf3 56. a5 Bxg4 57. a6+ Kb6 58. Bc5+ Kc7 59. b6+ Kc6
60. b7 1-0

[Event "44th Chess Olympiad Open 2022"]
[Site "Chennai"]
[Date "2022.08.01"]
[Round "4.38"]
[White "Kwon, Sehyun"]
[Black "Avila Pavas, Santiago"]
[Result "1/2-1/2"]
[WhiteElo "2225"]
[BlackElo "2453"]
[Annotator "TA"]
[PlyCount "183"]
[EventDate "2022.07.29"]
[EventType "team-tourn"]
[EventCountry "IND"]
[SourceTitle "playchess.com"]
[Source "ChessBase"]
[SourceQuality "1"]
[WhiteTeam "Korea"]
[BlackTeam "Colombia"]
[WhiteTeamCountry "KOR"]
[BlackTeamCountry "COL"]

1. e4 c5 2. Nf3 e6 3. c3 d5 4. exd5 Qxd5 5. d4 Nf6 6. Na3 a6 7. Nc4 Nbd7 8. Ne3
Qc6 9. Bd3 b6 10. O-O Bd6 11. Re1 Bb7 12. Nc4 Bc7 13. Nce5 Bxe5 14. dxe5 Nd5
15. c4 Nb4 16. Be4 Qc7 17. Bxb7 Qxb7 18. Ng5 Rd8 19. Ne4 O-O 20. Bg5 f6 21. Qf3
Rf7 22. Nxf6+ Nxf6 23. Qxb7 Rxb7 24. exf6 gxf6 25. Bxf6 Rd2 26. Bc3 Rc2 27. Re3
Rf7 28. f3 Rd7 29. a3 Nc6 30. Rxe6 Nd4 31. Re8+ Kf7 32. Rae1 Rd6 33. R1e7+ Kg6
34. Rg8+ Kh6 35. Bxd4 cxd4 36. Re4 Kh5 37. Re5+ Kh6 38. Re4 Kh5 39. g3 Rg6 40.
Rxg6 hxg6 41. Rxd4 Rxb2 42. c5 bxc5 43. Rd5+ Kh6 44. Rxc5 Rb3 45. Ra5 Rxf3 46.
Rxa6 Rc3 47. Kg2 Kh5 48. Ra5+ Kh6 49. h4 Rd3 50. Kh3 Rc3 51. Ra7 Rd3 52. Kg4
Rc3 53. Ra4 Rd3 54. Kf4 Kh5 55. Ra5+ Kh6 56. Ra8 Rc3 57. a4 Rc4+ 58. Ke5 Kh5
59. Ra6 Rg4 60. Ra8 Rxg3 61. Rh8+ Kg4 62. Rh6 Ra3 63. Rxg6+ Kxh4 64. Ra6 Kg5
65. Kd5 Kf5 66. Kc4 Ke5 67. Kb4 Ra1 68. Rc6 Kd5 69. Rc2 Rb1+ 70. Ka5 Kd6 71.
Ka6 Rb4 72. a5 Kd7 73. Ka7 Rb5 74. a6 Rb1 75. Rh2 Kc7 76. Rh7+ Kc8 77. Rb7 Ra1
78. Rb4 Kc7 79. Rb6 Ra2 80. Rb4 Ra1 81. Rc4+ Kd7 82. Rc2 Ra3 83. Kb7 Rb3+ 84.
Ka8 Ra3 85. a7 Rb3 86. Rh2 Kc7 87. Rh7+ Kc8 88. Rh8+ Kc7 89. Rb8 Rc3 90. Rb7+
Kc8 91. Rb8+ Kc7 92. Rb7+ 1/2-1/2

[Event "44th Chess Olympiad Open 2022"]
[Site "Chennai"]
[Date "2022.08.01"]
[Round "4.38"]
[White "Li, Georgiy"]
[Black "Valderrama Quiceno, Esteban Alb"]
[Result "0-1"]
[WhiteElo "1994"]
[BlackElo "2436"]
[Annotator "TA"]
[PlyCount "53"]
[EventDate "2022.07.29"]
[EventType "team-tourn"]
[EventCountry "IND"]
[SourceTitle "playchess.com"]
[Source "ChessBase"]
[SourceQuality "1"]
[WhiteTeam "Korea"]
[BlackTeam "Colombia"]
[WhiteTeamCountry "KOR"]
[BlackTeamCountry "COL"]

1. c4 Nf6 2. Nc3 e5 3. g3 c6 4. Bg2 d5 5. cxd5 cxd5 6. d4 exd4 7. Qxd4 Nc6 8.
Qa4 d4 9. Nb5 Bb4+ 10. Kf1 O-O 11. Bf4 Nd5 12. Rd1 Bc5 13. Qc4 Nxf4 14. gxf4
Qb6 15. b4 Nxb4 16. Nxd4 Rd8 17. Ngf3 Be6 18. Qc3 Rac8 19. a3 Na2 20. Qd3 Bxd4
21. Ng5 g6 22. Nxe6 Qxe6 23. Bh3 Qc6 24. Rg1 Bxf2 25. Qxd8+ Rxd8 26. Rxd8+ Kg7
27. Rg5 0-1

[Event "44th Chess Olympiad Open 2022"]
[Site "Chennai"]
[Date "2022.08.01"]
[Round "4.39"]
[White "Gomez, John Paul"]
[Black "Ribbegren, Karl Johan"]
[Result "1-0"]
[WhiteElo "2451"]
[BlackElo "2198"]
[Annotator "TA"]
[PlyCount "65"]
[EventDate "2022.07.29"]
[EventType "team-tourn"]
[EventCountry "IND"]
[SourceTitle "playchess.com"]
[Source "ChessBase"]
[SourceQuality "1"]
[WhiteTeam "Philippines"]
[BlackTeam "Monaco"]
[WhiteTeamCountry "PHI"]
[BlackTeamCountry "MNC"]

1. d4 Nf6 2. c4 g6 3. Nc3 Bg7 4. e4 d6 5. f4 O-O 6. Nf3 e5 7. fxe5 dxe5 8. d5
c6 9. Bg5 h6 10. Bh4 Nbd7 11. Bd3 g5 12. Bf2 Ng4 13. Bg1 f5 14. dxc6 bxc6 15.
Qe2 Qa5 16. O-O-O Nc5 17. Bxc5 Qxc5 18. exf5 e4 19. Nxe4 Qa5 20. h3 Nf6 21. Nd4
Qxa2 22. Bb1 Qa1 23. Nc5 Re8 24. Qc2 Rb8 25. Ndb3 Rxb3 26. Nxb3 Qa6 27. Rhe1
Rxe1 28. Rxe1 Qb6 29. g4 a5 30. c5 Qb4 31. Nd2 Kh8 32. Qc4 Qb8 33. Qf7 1-0

[Event "44th Chess Olympiad Open 2022"]
[Site "Chennai"]
[Date "2022.08.01"]
[Round "4.39"]
[White "Bersamina, Paulo"]
[Black "Van Hoolandt, Patrick"]
[Result "1-0"]
[WhiteElo "2429"]
[BlackElo "2044"]
[Annotator "TA"]
[PlyCount "95"]
[EventDate "2022.07.29"]
[EventType "team-tourn"]
[EventCountry "IND"]
[SourceTitle "playchess.com"]
[Source "ChessBase"]
[SourceQuality "1"]
[WhiteTeam "Philippines"]
[BlackTeam "Monaco"]
[WhiteTeamCountry "PHI"]
[BlackTeamCountry "MNC"]

1. e4 e5 2. Nf3 Nc6 3. Bc4 Bc5 4. c3 Nf6 5. d4 exd4 6. e5 d5 7. Bb5 Ne4 8. cxd4
Bb6 9. Nc3 O-O 10. Be3 Bg4 11. h3 Bh5 12. Qc2 Bg6 13. Qb3 Ne7 14. O-O c6 15.
Bd3 Nd2 16. Nxd2 Bf5 17. Be4 Bxe4 18. Rfe1 Bd3 19. Na4 Nf5 20. Nxb6 Ba6 21. Qc3
Qxb6 22. Nf3 Qc7 23. Qc2 Qd7 24. Rad1 Rfe8 25. Bc1 h6 26. b3 b6 27. Ba3 Rac8
28. g4 Qe6 29. Nh4 Ne7 30. f4 c5 31. Qf2 cxd4 32. f5 Rc3 33. Bd6 Qc8 34. Bxe7
Rxe7 35. f6 Re8 36. Nf5 Qe6 37. Nxg7 Qc6 38. e6 Re3 39. Rxe3 dxe3 40. Qxe3 Rxe6
41. Nxe6 fxe6 42. Qxh6 Qc7 43. f7+ Qxf7 44. Re1 Qf3 45. Qxe6+ Kg7 46. Qd7+ Kh6
47. Re6+ Kg5 48. Qd8+ 1-0

[Event "44th Chess Olympiad Open 2022"]
[Site "Chennai"]
[Date "2022.08.01"]
[Round "4.39"]
[White "Dornbusch, Tatiana"]
[Black "Barcenilla, Rogelio"]
[Result "1/2-1/2"]
[WhiteElo "2247"]
[BlackElo "2463"]
[Annotator "TA"]
[PlyCount "161"]
[EventDate "2022.07.29"]
[EventType "team-tourn"]
[EventCountry "IND"]
[SourceTitle "playchess.com"]
[Source "ChessBase"]
[SourceQuality "1"]
[WhiteTeam "Monaco"]
[BlackTeam "Philippines"]
[WhiteTeamCountry "MNC"]
[BlackTeamCountry "PHI"]

1. d4 Nf6 2. Nf3 g6 3. g3 Bg7 4. Bg2 O-O 5. O-O d6 6. c4 Nc6 7. Nc3 a6 8. h3
Rb8 9. e4 b5 10. cxb5 axb5 11. Re1 b4 12. Nd5 Ne8 13. Bg5 h6 14. Be3 Bd7 15.
Qd2 g5 16. a3 Na5 17. Qc2 b3 18. Qc3 Ra8 19. e5 c6 20. Nb4 Rc8 21. Rac1 Nc7 22.
Bd2 Nb5 23. Qd3 Re8 24. Na6 Be6 25. a4 Na7 26. Bb4 Nb7 27. exd6 exd6 28. Nd2
Qb6 29. Bc3 Na5 30. Nb4 Bd7 31. Nc4 Nxc4 32. Qxc4 Be6 33. Qd3 Bd7 34. Kh2 Rb8
35. Na6 Ra8 36. Nb4 Rxe1 37. Rxe1 Nc8 38. a5 Rxa5 39. Nxc6 Ra4 40. Ne7+ Nxe7
41. Rxe7 Qd8 42. Re2 Qb8 43. Re7 Qd8 44. Re1 Qf6 45. Re2 Ra1 46. d5 Qf5 47.
Re8+ Bf8 48. Qd4 f6 49. g4 Qf4+ 50. Qxf4 gxf4 51. Rb8 f5 52. Bf3 fxg4 53. hxg4
Kf7 54. Rb7 Ke8 55. Rxb3 Be7 56. Rb8+ Kf7 57. Rb7 Ke8 58. Rb4 Bg5 59. Bd2 Ra4
60. Rb8+ Ke7 61. Bc3 Ra1 62. Kg2 Rc1 63. Rb7 Kd8 64. Rb4 Ra1 65. Bd2 Ra4 66. b3
Rxb4 67. Bxb4 Kc7 68. Be2 Be8 69. Ba5+ Kb7 70. Bb4 Kc7 71. Kf3 Bg6 72. Bd2 Bc2
73. Bc4 Bd1+ 74. Ke4 Bc2+ 75. Bd3 Bxb3 76. Bxf4 Bxd5+ 77. Ke3 Kd7 78. Bxg5 hxg5
79. f4 gxf4+ 80. Kxf4 Ke7 81. Bc2 1/2-1/2

[Event "44th Chess Olympiad Open 2022"]
[Site "Chennai"]
[Date "2022.08.01"]
[Round "4.39"]
[White "Verdier, Patrice"]
[Black "Laylo, Darwin"]
[Result "0-1"]
[WhiteElo "2017"]
[BlackElo "2432"]
[Annotator "TA"]
[PlyCount "74"]
[EventDate "2022.07.29"]
[EventType "team-tourn"]
[EventCountry "IND"]
[SourceTitle "playchess.com"]
[Source "ChessBase"]
[SourceQuality "1"]
[WhiteTeam "Monaco"]
[BlackTeam "Philippines"]
[WhiteTeamCountry "MNC"]
[BlackTeamCountry "PHI"]

1. d4 Nf6 2. c4 g6 3. Nc3 d5 4. cxd5 Nxd5 5. e4 Nxc3 6. bxc3 Bg7 7. Bc4 c5 8.
Ne2 Nc6 9. Be3 O-O 10. h4 Qa5 11. Kf1 Rd8 12. Qb3 e6 13. d5 Ne5 14. dxe6 Nxc4
15. exf7+ Kxf7 16. Qxc4+ Be6 17. Qxc5 Qxa2 18. Qc7+ Kg8 19. Re1 Bc4 20. Bd4
Bxd4 21. cxd4 Rxd4 22. Kg1 Rxe4 23. h5 Rxe2 24. Rxe2 Bxe2 25. hxg6 Qb1+ 26. Kh2
Qxg6 27. Qxb7 Re8 28. Qxa7 Qh6+ 29. Kg1 Qc1+ 30. Kh2 Qf4+ 31. Kg1 Bh5 32. Qa2+
Bf7 33. Qa5 Re2 34. Qa8+ Be8 35. Qd5+ Kg7 36. Qb7+ Bf7 37. f3 Qd4+ 0-1

[Event "44th Chess Olympiad Open 2022"]
[Site "Chennai"]
[Date "2022.08.01"]
[Round "4.40"]
[White "Ferreira, Jorge Viterbo"]
[Black "Wanyama, Harold"]
[Result "1-0"]
[WhiteElo "2499"]
[BlackElo "2242"]
[Annotator "TA"]
[PlyCount "43"]
[EventDate "2022.07.29"]
[EventType "team-tourn"]
[EventCountry "IND"]
[SourceTitle "playchess.com"]
[Source "ChessBase"]
[SourceQuality "1"]
[WhiteTeam "Portugal"]
[BlackTeam "Uganda"]
[WhiteTeamCountry "POR"]
[BlackTeamCountry "UGA"]

1. c4 e5 2. g3 Nf6 3. Bg2 d5 4. cxd5 Nxd5 5. Nf3 Nc6 6. O-O Nb6 7. b3 Be7 8.
Bb2 Bf6 9. Nc3 Bf5 10. Ne1 Qd7 11. Ne4 Be7 12. Nd3 O-O-O 13. Rc1 f6 14. b4 Bxe4
15. Bxe4 Nxb4 16. Nxb4 Bxb4 17. Qb3 Bd6 18. Qf3 Kb8 19. Bxb7 Qe6 20. Bc6 Qxa2
21. Ra1 Qxb2 22. Qd3 1-0

[Event "44th Chess Olympiad Open 2022"]
[Site "Chennai"]
[Date "2022.08.01"]
[Round "4.40"]
[White "Veiga, Jose Francisco R P N"]
[Black "Okas, Walter"]
[Result "1-0"]
[WhiteElo "2378"]
[BlackElo "2191"]
[Annotator "TA"]
[PlyCount "87"]
[EventDate "2022.07.29"]
[EventType "team-tourn"]
[EventCountry "IND"]
[SourceTitle "playchess.com"]
[Source "ChessBase"]
[SourceQuality "1"]
[WhiteTeam "Portugal"]
[BlackTeam "Uganda"]
[WhiteTeamCountry "POR"]
[BlackTeamCountry "UGA"]

1. e4 c6 2. Nc3 d5 3. Nf3 Bg4 4. h3 Bxf3 5. Qxf3 e6 6. Be2 Nf6 7. O-O Be7 8.
Rd1 O-O 9. d4 dxe4 10. Nxe4 Nxe4 11. Qxe4 Nd7 12. c4 Re8 13. Qc2 Qc7 14. Be3 e5
15. d5 cxd5 16. Rxd5 Nf6 17. Rb5 a6 18. Rb3 b5 19. Rc1 Rac8 20. Bd3 Qa5 21. a3
h6 22. Qd1 e4 23. Be2 Red8 24. Qf1 Qa4 25. Bd1 bxc4 26. Rb4 Qd7 27. Rbxc4 Rb8
28. b4 Qd3 29. Rc7 Bd6 30. Qxd3 exd3 31. Ra7 Nd5 32. Bb3 Nxe3 33. fxe3 d2 34.
Rd1 Be5 35. Bxf7+ Kh7 36. Rxa6 Bf6 37. Kf2 Rf8 38. Ra7 Ra8 39. Rxa8 Rxa8 40.
Rxd2 Rxa3 41. b5 Bg5 42. Re2 Bd8 43. Rc2 Bb6 44. Bg6+ 1-0

[Event "44th Chess Olympiad Open 2022"]
[Site "Chennai"]
[Date "2022.08.01"]
[Round "4.40"]
[White "Kawuma, Patrick"]
[Black "Galego, Luis"]
[Result "1/2-1/2"]
[WhiteElo "2270"]
[BlackElo "2462"]
[Annotator "TA"]
[PlyCount "66"]
[EventDate "2022.07.29"]
[EventType "team-tourn"]
[EventCountry "IND"]
[SourceTitle "playchess.com"]
[Source "ChessBase"]
[SourceQuality "1"]
[WhiteTeam "Uganda"]
[BlackTeam "Portugal"]
[WhiteTeamCountry "UGA"]
[BlackTeamCountry "POR"]

1. c4 Nf6 2. Nf3 d6 3. Nc3 Bg4 4. d4 Bxf3 5. gxf3 Nbd7 6. f4 c6 7. Bg2 Nb6 8.
Qd3 d5 9. b3 e6 10. O-O g6 11. c5 Nc8 12. b4 a6 13. a4 Bg7 14. Bd2 O-O 15. b5
Ne7 16. Rfb1 Qc7 17. bxa6 Rxa6 18. Ra2 Nd7 19. Rab2 Ra7 20. e3 Nf5 21. a5 Nh4
22. Bh1 h6 23. Be1 Qc8 24. Ne2 Nf5 25. Qd1 Kh7 26. Bg2 f6 27. Ng3 Nh4 28. Bh3
f5 29. Bf1 Rf7 30. Bd3 Bf6 31. Qe2 Bd8 32. Ra2 Nb8 33. Rba1 Na6 1/2-1/2